000 00659nam a2200241Ia 4500
003 OSt
005 20221007065342.0
006 a|||||r|||| 00| 0
007 ta
008 221006b |||||||| |||| 00| 0 eng d
024 _a30,212
037 _cTextual
040 _aFLL
_cFLL
_beng
041 _2eng
_aeng
082 _aX54.1, N3.2
100 _aStewart Terence P. Ed.
_9686877
245 0 _aGatt uruguary round
260 _aDeventer
_bKluwer Law and Taxation Publishers
_c1993
300 _av,2921p
_ccm.
490 _vVol. II: Commentary
942 _hX54.1, N3.2
_cTEXL
_2CC
999 _c1137087
_d1137087